¿Es sencillo ser marxista en filosofía? /

I tiakina i:
Ngā taipitopito rārangi puna kōrero
Kaituhi matua: Althusser, Louis (autor)
Hōputu: Pukapuka
Reo:Pāniora
Ngā marau:
Ngā Tūtohu: Tāpirihia he Tūtohu
Kāore He Tūtohu, Me noho koe te mea tuatahi ki te tūtohu i tēnei pūkete!

MARC

LEADER 00000nam^a2200000^a^4500
001 000259687
005 20250521000000.0
009 20260310110414.108
037 |a Acervo Xavier Clavigero 
041 |a ESP 
082 |a 146. 32  |b ALT 
100 |a Althusser, Louis  |e (autor) 
245 1 0 |a ¿Es sencillo ser marxista en filosofía? /  |c L. Althusser. 
264 |a [México],  |b Publicaciones Populares,  |c ca. 1978 
300 |a 31 p. 
336 |a texto  |b txt  |2 rdacontenido 
337 |a sin mediación  |b n  |2 rdamedio 
338 |a volumen  |b nc  |2 rdasoporte 
649 |a XX 
650 |a Ideología 
650 |a Economía Política 
650 |a Filosofía Política 
650 |a Comunismo 
650 |a Materialismo Histórico y Dialéctico 
650 |a Marxismo 
650 |a Filosofía del Siglo XX 
910 |a Fondo General 
920 |a Impresos - Libros 
930 |a Colección General 
905 |a 101 
901 |a 0500122641  |b IT1  |c ACC  |u 20250521 
902 |a https://opac.biblio.iteso.mx/vufind/Record/000259687